000 00569nam a2200193Ia 4500
003 GCL
008 140319s9999 xx 000 0 ara d
040 _aGCL /
_cGCL
082 0 4 _a814.008
_bص ف
100 1 _aصبرى موسى
245 1 0 _aفى البحيرات (هدية من الاديب عبدالفتاح الجمل) /
_cصبرى موسى
300 _a130 ص
490 _aالكتاب الذهبى
_v0
650 0 4 _aالادب العربى
650 0 4 _aالمقالات
650 0 4 _aالبحيرات
650 0 4 _aالمجموعات
942 _2ddc
_cBK
999 _c40571
_d40571